| 000 | 00000nas 2200000za 4500 |
| 001 | 9.851920 |
| 003 | CaOODSP |
| 005 | 20221107154451 |
| 007 | cr ||||||||||| |
| 008 | 180215d20072007oncar p o f0 a0eng|d |
| 040 | |aCaOODSP|beng |
| 041 | |aeng|afre |
| 043 | |an-cn--- |
| 086 | 1 |aF71-12-PDF |
| 110 | 1 |aCanada.|bRoyal Canadian Mint. |
| 245 | 10|aAnnual report to Parliament. |pAccess to Information Act and Privacy Act |h[electronic resource] = |bRapport annuel au Parlement. Loi sur l'accès à l'information et Loi sur la protection des renseignements personnels. |
| 246 | 11|aRapport annuel au Parlement. |pLoi sur l'accès à l'information et Loi sur la protection des renseignements personnels |
| 260 | |a[Ottawa] : |bRoyal Canadian Mint = Monnaie royale canadienne, |c[2008] |
| 310 | |aAnnual |
| 362 | 0 |aJanuary 1 to December 31, 2007. |
| 500 | |aCover title. |
| 546 | |aText in English and French. |
| 580 | |aSplit into: Privacy Act, annual report; and, Access to Information Act, annual report. |
| 692 | 07|2gccst|aPrivacy |
| 692 | 07|2gccst|aCurrency |
| 785 | 00|tPrivacy Act, ... annual report |w(CaOODSP)9.500479 |
| 785 | 00|tAccess to Information Act, ... annual report |w(CaOODSP)9.500481 |
| 792 | |tAnnual report to Parliament. |efre|w(CaOODSP)9.851922 |